Catálogo razonado: colección Museo de Arte Contemporáneo
-д хадгалсан:
| Байгууллагын зохиогч: | |
|---|---|
| Формат: | Ном |
| Хэл сонгох: | испани |
| Хэвлэсэн: |
Santiago
Facultad de Artes Universidad de Chile
2017
|
| Хэвлэл: | 1a. ed |
| Нөхцлүүд: | |
| Шошгууд: |
Шошго нэмэх
Шошго байхгүй, Энэхүү баримтыг шошголох эхний хүн болох!
|
MARC
| LEADER | 00000cam a2200000 a 4500 | ||
|---|---|---|---|
| 001 | UCD9332 | ||
| 003 | CL-VaPUC | ||
| 008 | 170616e20170000cl |||||||||||||||||spa|d | ||
| 020 | |a 9789561909908 | ||
| 082 | 0 | 4 | |a 708.983 |b MUS |2 21 |
| 110 | 2 | |a Museo de Arte Contemporáneo |e author |9 593044 | |
| 245 | 1 | 0 | |a Catálogo razonado: colección Museo de Arte Contemporáneo |
| 250 | |a 1a. ed | ||
| 300 | |a 613 p | ||
| 942 | |c BK | ||
| 945 | |d 20170616 21:05:00 |a dcastane | ||
| 260 | |a Santiago |b Facultad de Artes Universidad de Chile |c 2017 | ||
| 650 | 0 | |a Museos |9 269209 | |
| 650 | 7 | |a MUSEOS NACIONALES |2 CL-VaPUC |9 593045 | |
| 650 | 0 | |a Catálogos |9 256258 | |
| 583 | |a last modification |c 20170616 21:05:00 |k Rodrigo Vera | ||
| 999 | |c 368562 |d 368560 | ||
| 952 | |0 0 |1 0 |3 erb |4 0 |6 708_983000000000000_MUS_2017 |7 0 |8 R |9 483920 |a BIBART |b BIBART |i 5398193 |l 13 |m 1 |o 708.983 MUS 2017 |p 5398193 |r 2025-03-13 |s 2024-06-03 |w 2019-11-24 |y BK_R |z Catalogado en:20170616 |k ART | ||